América Latina: Bolívar Echevarría, Antonio García de León, Alberto J. Pla, Sergio Guerra, Susana Strozzi y otros

Salvato in:
Dettagli Bibliografici
Autori principali: Barros, Carlos (Autore), Aguirre Rojas, Carlos Antonio (Autore)
Natura: Libro
Lingua:spagnolo
Pubblicazione: Santiago de Compostela Historia a Debate 1996
Soggetti:
Tags: Aggiungi Tag
Nessun Tag, puoi essere il primo ad aggiungerne!!

MARC

LEADER 00000nam a2200000 a 4500
001 UCO9952
003 CL-VaPUC
008 010316e19960000SP |||||||||||||||||spa|d
082 0 4 |a 980  |b BAR  |2 21 
100 0 |a Barros, Carlos  |e author  |9 455191 
700 0 |a Aguirre Rojas, Carlos Antonio  |e author  |9 455192 
245 1 0 |a América Latina: Bolívar Echevarría, Antonio García de León, Alberto J. Pla, Sergio Guerra, Susana Strozzi y otros 
300 |a 314 p 
942 |c BK 
945 |d 20010316 00:00:00  |a vberengu 
260 |a Santiago de Compostela  |b Historia a Debate  |c 1996 
650 0 |a Historiografía   |9 257871 
650 0 |a Historia política  |9 256974 
650 0 |a Historia social  |9 313638 
650 0 |a Enseñanza de la historia   |9 307330 
583 |a last modification  |c 20010316 00:00:00  |k Rodrigo Vera 
999 |c 293965  |d 293963 
952 |0 0  |1 0  |4 0  |6 980_000000000000000_BAR_1996  |7 0  |8 A  |9 345770  |a BIBHIS  |b BIBHIS  |d 2019-11-20  |i 3675548  |l 1  |m 14  |o 980 BAR 1996  |p 3675548  |q 2025-07-11  |r 2023-01-25  |s 2021-12-27  |w 2019-11-20  |y BK  |k HIS